The Encyclopaedia of ignorance / (Record no. 109652)

MARC details
000 -LEADER
campo de control de longitud fija 00913cam a2200325Mi 4500
001 - NÚMERO DE CONTROL
campo de control 57506
005 - FECHA Y HORA DE LA ÚLTIMA TRANSACCIÓN
campo de control 20230411085934.0
008 - DATOS DE LONGITUD FIJA--INFORMACIÓN GENERAL
campo de control de longitud fija 780316s1977 enka b 001 0 eng d
010 ## - NÚMERO DE CONTROL DE LA BIBLIOTECA DEL CONGRESO
Número de control de LC 77030376
035 ## - NÚMERO DE CONTROL DEL SISTEMA
Número de control de sistema (OCoLC)ocn187312120
040 ## - FUENTE DE CATALOGACIÓN
Centro catalogador/agencia de origen MeU
Centro/agencia transcriptor PAU
Centro/agencia modificador DRFGD
020 ## - NÚMERO INTERNACIONAL ESTÁNDAR DEL LIBRO
Número Internacional Estándar del Libro 0080212387
020 ## - NÚMERO INTERNACIONAL ESTÁNDAR DEL LIBRO
Número Internacional Estándar del Libro 9780080212388
029 1# - OTRO NÚMERO DE CONTROL DE SISTEMA (OCLC)
Identificador de la biblioteca OCLC AU@
Número de control de sistema 000023886042
029 1# - OTRO NÚMERO DE CONTROL DE SISTEMA (OCLC)
Identificador de la biblioteca OCLC AU@
Número de control de sistema 000027520164
035 ## - NÚMERO DE CONTROL DEL SISTEMA
Número de control de sistema (OCoLC)187312120
049 ## - FONDOS LOCALES (OCLC)
Biblioteca depositaria GRAL
050 14 - SIGNATURA TOPOGRÁFICA DE LA BIBLIOTECA DEL CONGRESO
Número de clasificación E56e 1977
245 04 - MENCIÓN DEL TÍTULO
Título The Encyclopaedia of ignorance /
Mención de responsabilidad, etc. edited by Ronald Duncan and Miranda Weston-Smith.
250 ## - MENCION DE EDICION
Mención de edición 1st ed.
260 ## - PUBLICACIÓN, DISTRIBUCIÓN, ETC.
Lugar de publicación, distribución, etc. Oxford [Eng.] ;
-- New York :
Nombre del editor, distribuidor, etc. Pergamon Press,
Fecha de publicación, distribución, etc. 1977.
300 ## - DESCRIPCIÓN FÍSICA
Extensión x, 443 p. :
Otras características físicas ill. ; 26 cm.
650 #0 - PUNTO DE ACCESO ADICIONAL DE MATERIA--TÉRMINO DE MATERIA
Término de materia o nombre geográfico como elemento de entrada Science.
650 #2 - PUNTO DE ACCESO ADICIONAL DE MATERIA--TÉRMINO DE MATERIA
Término de materia o nombre geográfico como elemento de entrada Science.
700 1# - ENTRADA AGREGADA--NOMBRE PERSONAL
Nombre de persona Duncan, Ronald Frederick Henry,
Fechas asociadas al nombre 1914-
700 1# - ENTRADA AGREGADA--NOMBRE PERSONAL
Nombre de persona Weston-Smith, Miranda.
942 ## - ELEMENTOS DE ENTRADA SECUNDARIOS (KOHA)
Fuente del sistema de clasificación o colocación Clasificación de Library of Congress
Tipo de ítem Koha
946 ## - PROCESAMIENTO DE INFORMACIÓN LOCAL (OCLC)
a lmminaya
994 ## -
-- C0
-- DRFGD
Holdings
Estatus retirado Estado de pérdida Fuente del sistema de clasificación o colocación Estado de daño No para préstamo Colección Biblioteca de origen Biblioteca actual Ubicación en estantería Fecha de adquisición Signatura topográfica completa Código de barras Visto por última vez Copia número Tipo de ítem Koha
    Clasificación de Library of Congress     Automatización y Procesos Técnicos Biblioteca Juan Bosch Biblioteca Juan Bosch Automatización y Procesos Técnicos (1er. Piso) 11/04/2023 E56e 1977 00000058765 17/02/2019 1